Physiology of strength / (Record no. 180561)
[ view plain ]
| 000 -LEADER | |
|---|---|
| fixed length control field | 00758cam1a220022900 4500 |
| 001 - CONTROL NUMBER | |
| control field | lce00557893 |
| 008 - FIXED-LENGTH DATA ELEMENTS--GENERAL INFORMATION | |
| fixed length control field | 850709s1961 ilua b 000 0 eng |
| 010 ## - LIBRARY OF CONGRESS CONTROL NUMBER | |
| LC control number | 61010377 /L/r85 |
| 035 ## - SYSTEM CONTROL NUMBER | |
| System control number | (Sirsi) r65601 |
| 035 ## - SYSTEM CONTROL NUMBER | |
| System control number | (DLC) 61010377 /L/r85 |
| 035 ## - SYSTEM CONTROL NUMBER | |
| System control number | (UPRA)lce00557893 |
| 040 ## - CATALOGING SOURCE | |
| Original cataloging agency | DLC/ICU |
| Transcribing agency | ICU |
| Modifying agency | UPRA |
| 050 0# - LIBRARY OF CONGRESS CALL NUMBER | |
| Classification number | QP321 |
| Item number | .H58 |
| 082 0# - DEWEY DECIMAL CLASSIFICATION NUMBER | |
| Classification number | 612.74 |
| 100 1# - MAIN ENTRY--PERSONAL NAME | |
| Personal name | Hettinger, Theodor. |
| Linkage | A25765.1 |
| 245 10 - TITLE STATEMENT | |
| Title | Physiology of strength / |
| Statement of responsibility, etc. | edited by M.H. Thurlwell ; with forewords by Arthur H. Steinhaus and William J. Erdman. |
| 260 ## - PUBLICATION, DISTRIBUTION, ETC. | |
| Place of publication, distribution, etc. | Springfield, IL : |
| Name of publisher, distributor, etc. | Thomas, |
| Date of publication, distribution, etc. | [1961] |
| 504 ## - BIBLIOGRAPHY, ETC. NOTE | |
| Bibliography, etc. note | Includes bibliographical references. |
| 650 #0 - SUBJECT ADDED ENTRY--TOPICAL TERM | |
| Topical term or geographic name entry element | Muscle strength. |
| Linkage | S18632.1 |
| 949 ## - LOCAL PROCESSING INFORMATION (OCLC) | |
| a | QP321 |
| w | lcc |
| i | -87666 |
| m | MAIN |
| t | BOOK |
| l | ON-SHELF |
No items available.